| 000 | 01356nam a2200301 i 4500 | ||
|---|---|---|---|
| 001 | 000026636 | ||
| 003 | DO-SdBNP | ||
| 005 | 20240822132919.0 | ||
| 007 | ta | ||
| 008 | 090630s1844 dr 000 0 spa d | ||
| 040 |
_aDO-SdBNP _bspa _cBNPHU _erda |
||
| 082 | 4 |
_a348.7293028 _bR426i _222 |
|
| 110 | 1 |
_aRepública Dominicana. _bSecretaría de Estado de Asuntos Jurídicos _953753 |
|
| 240 | 1 | 0 | _a[Leyes, etc.] |
| 245 | 1 | 0 | _aÍndice general de la legislación de la República Dominicana. |
| 264 |
_aSanto Domingo : _bLa Nación, _c[1844]. |
||
| 300 |
_avolumenes ; _c26 cm. |
||
| 336 |
_2rdacontent _atexto _btxt |
||
| 337 |
_2rdamedia _asin mediación _bn |
||
| 338 |
_2rdacarrier _avolumen _bnc |
||
| 500 | _aLa biblioteca posee los años de : 1844-1984 publicado por Esquea & Valenzuela; 1944-1958 publicado por Editorial La Nación; 1958, 1961-1984, 2006-2007, 2009-2013, 2017 publicado por Consultoría Jurídica del Poder Ejecutivo | ||
| 505 | 0 |
_a1844-1984 : _gv.2 Letra B -- _tDel 1944 - al año 1958 - Era de Trujillo : _g(v.5 - de la A a B ; v.6 - de la C a la D; v.7 de la E a la G) |
|
| 590 | _aInventariado, 2019/MFF | ||
| 650 | 4 |
_aDerecho _zRepública Dominicana _vÍndice _953754 |
|
| 710 | 1 | 2 |
_aRepública Dominicana. _bConsultoría Jurídica del Poder Ejecutivo _9483 |
| 910 | _aValidado. Control de calidad MFF | ||
| 942 |
_2ddc _cLBS1 |
||
| 999 |
_c26128 _d26128 |
||